| 000 | 01023 a2200229 4500 | ||
|---|---|---|---|
| 003 | NUST | ||
| 005 | 20221116124545.0 | ||
| 010 | _a 77002711 | ||
| 020 | _a0871502356 | ||
| 040 | _cNust | ||
| 082 | 0 | 0 | _a512.9,WOO |
| 100 | 1 |
_aWood, Martha M. _9102674 |
|
| 245 | 1 | 0 |
_aDevelopmental mathematics / _cMartha M. Wood, Peggy Capell, and James W. Hall. |
| 260 |
_aBoston : _bPrindle, Weber & Schmidt, _cc1977. |
||
| 300 |
_aviii, 536 p. : _bill. ; _c28 cm. |
||
| 505 | _aUnit-1: Review Arithmetic (Page-1), Unit-2: Operations With sets and Signed Number (Page-99), Unit-3: Operations With Polynomials (Page-151), Unit-4: Saving First Degree Equations and Inequalities in One Variable (Page-215), Unit-5: Application of Equations (Page-271), Unit-6: Graphing and System of Equations (Page-369), Unit-7: Introduction to Intermediate Algebra (Page-419). | ||
| 650 | 0 |
_aAlgebra. _98509 |
|
| 650 | 0 |
_aArithmetic. _939162 |
|
| 700 | 1 |
_aCapell, Peggy, _9102675 |
|
| 700 | 1 |
_aHall, James W., _9102676 |
|
| 942 |
_2ddc _cBK _k512.9,WOO |
||
| 999 |
_c182290 _d182290 |
||